000 00379nam a2200133Ia 4500
008 220217s9999||||xx |||||||||||||| ||und||
020 _a1-56205-934-3
082 _a005.43 CAR
100 _aCarling, M Degler, Stephen & Dennis, James
_93536
245 0 _aLinux system administration
260 _aNew Riders
_bAmerica
_c2000
300 _b405
650 _aOperating systems
999 _c172142
_d172142